[Event "Barcelona Sants op 25th"]
[Site "Barcelona"]
[Date "2024.08.25"]
[Round "3"]
[White "Travesset Sagre, Jan"]
[Black "Chen, Hongsen"]
[Result "1-0"]
[WhiteElo "2312"]
[BlackElo "2145"]
[PlyCount "51"]
[EventDate "2024.08.23"]
[EventType "swiss"]
[EventRounds "10"]
[EventCountry "ESP"]
[SourceTitle "CB36_2024"]
[SourceDate "2024.09.04"]
[SourceVersion "1"]
[SourceVersionDate "2024.09.04"]
[SourceQuality "1"]

1. d4 Nf6 2. c4 e6 3. g3 d5 4. Bg2 dxc4 5. Qa4+ Nbd7 6. Qxc4 Nb6 7. Qd3 c5 8. Nf3 cxd4 9. 0-0 Bc5 10. Nbd2 Qd6 11. Nb3 e5 12. Qb5+ Nbd7 13. Nxc5 a6 14. Nxb7 Qb8 15. Qa4 Bxb7 16. Nxe5 Qxe5 17. Bxb7 Rd8 18. Bf4 Qh5 19. Bf3 Ng4 20. Bxg4 Qxg4 21. Bc7 0-0 22. Bxd8 Rxd8 23. f3 Qe6 24. Qxd4 Qxe2 25. Rfe1 Qc2 26. Rad1 1-0

[Event "Riga Tech op-A"]
[Site "Riga"]
[Date "2024.08.10"]
[Round "8"]
[White "Durak, Can"]
[Black "Chen, Hongsen"]
[Result "1-0"]
[WhiteElo "2442"]
[BlackElo "2145"]
[PlyCount "103"]
[EventDate "2024.08.05"]
[EventType "swiss"]
[EventRounds "9"]
[EventCountry "LAT"]
[SourceTitle "CB33_2024"]
[SourceDate "2024.08.14"]
[SourceVersion "1"]
[SourceVersionDate "2024.08.14"]
[SourceQuality "1"]

1. Nf3 d5 2. g3 Nf6 3. Bg2 c6 4. 0-0 Bg4 5. h3 Bh5 6. c4 e6 7. d4 Nbd7 8. cxd5 exd5 9. Ne5 Bg6 10. Nc3 Bb4 11. Qb3 Qb6 12. Rd1 Bxc3 13. Qxc3 Ne4 14. Nxd7 Kxd7 15. Qf3 Ke7 16. h4 h5 17. Qa3+ Nd6 18. Bf4 Rhd8 19. Re1 Qa6 20. Qc5 Be4 21. Bxe4 dxe4 22. Qxh5 Qb5 23. Qh7 g6 24. Bg5+ Ke6 25. Bxd8 Rxd8 26. Qg7 Nf5 27. Qe5+ Qxe5 28. dxe5 Rd2 29. Rab1 e3 30. Kf1 Rd5 31. Red1 Rxe5 32. Rd3 exf2 33. Kxf2 Re4 34. Rbd1 Rg4 35. Rf3 Rc4 36. Rc3 Rg4 37. Rd8 Nd6 38. Re3+ Ne4+ 39. Kf3 f5 40. Re8+ Kd5 41. R8xe4 Rxe4 42. Rxe4 fxe4+ 43. Kf4 a5 44. g4 a4 45. h5 gxh5 46. gxh5 Ke6 47. Kxe4 Kf6 48. Kf4 c5 49. e4 b5 50. e5+ Kf7 51. h6 c4 52. e6+ 1-0

[Event "Riga Tech op-A"]
[Site "Riga"]
[Date "2024.08.08"]
[Round "6"]
[White "Chen, Hongsen"]
[Black "Vagman, Roy"]
[Result "1-0"]
[WhiteElo "2145"]
[BlackElo "2302"]
[PlyCount "73"]
[EventDate "2024.08.05"]
[EventType "swiss"]
[EventRounds "9"]
[EventCountry "LAT"]
[SourceTitle "CB33_2024"]
[SourceDate "2024.08.14"]
[SourceVersion "1"]
[SourceVersionDate "2024.08.14"]
[SourceQuality "1"]

1. e4 c5 2. Nf3 d6 3. d4 cxd4 4. Nxd4 Nf6 5. Bd3 Nc6 6. Be3 Ng4 7. Nxc6 bxc6 8. Bd2 Qb6 9. 0-0 Qxb2 10. Bc3 Qb8 11. Nd2 e5 12. Nc4 Be6 13. Na5 Be7 14. Rb1 Qc8 15. Nxc6 Kf8 16. Nxe7 Qxc3 17. Be2 Kxe7 18. Rb7+ Kf8 19. Bxg4 Bxg4 20. Qxg4 Qc8 21. Qxc8+ Rxc8 22. Rd1 g6 23. Rxd6 Rxc2 24. h4 Kg7 25. Rdd7 Rf8 26. Rxa7 Rc4 27. f3 Rc1+ 28. Kh2 Rc2 29. Kh3 Rb2 30. g4 Kg8 31. Re7 Rd8 32. Rxe5 Rd3 33. Kg3 Rd6 34. g5 Rd8 35. Ree7 Rf8 36. a4 Kg7 37. e5 1-0

[Event "Riga Tech op-A"]
[Site "Riga"]
[Date "2024.08.05"]
[Round "1"]
[White "Chen, Hongsen"]
[Black "Kazakouski, Valery"]
[Result "1-0"]
[WhiteElo "2145"]
[BlackElo "2588"]
[PlyCount "226"]
[EventDate "2024.08.05"]
[EventType "swiss"]
[EventRounds "9"]
[EventCountry "LAT"]
[SourceTitle "CB33_2024"]
[SourceDate "2024.08.14"]
[SourceVersion "1"]
[SourceVersionDate "2024.08.14"]
[SourceQuality "1"]

1. d4 Nf6 2. c4 e6 3. Nf3 d5 4. g3 dxc4 5. Bg2 c6 6. 0-0 b5 7. a4 Bb7 8. b3 cxb3 9. Qxb3 a6 10. Ne5 Qxd4 11. Bb2 Qb4 12. Qc2 Qc5 13. Qd3 Be7 14. Nd2 0-0 15. Ne4 Nxe4 16. Bxe4 h6 17. Qf3 f5 18. Qb3 Bc8 19. Rfc1 Qb4 20. Qxb4 Bxb4 21. Bxc6 Nxc6 22. Nxc6 a5 23. axb5 Bb7 24. Nxb4 axb4 25. Rxa8 Bxa8 26. Rc7 Rf7 27. Rc4 b3 28. b6 Bb7 29. Rd4 Kf8 30. f3 Ke8 31. Kf2 g5 32. Ke3 h5 33. h3 Bd5 34. Rb4 Kd8 35. Kd3 Kc8 36. Bc1 Rd7 37. Kc3 g4 38. hxg4 hxg4 39. fxg4 fxg4 40. Rxg4 Rd6 41. Rb4 Rc6+ 42. Kd2 Rc2+ 43. Kd1 Kb7 44. Bd2 Ra2 45. Bc3 Rc2 46. Bd4 Bc4 47. e3 Bd5 48. Ke1 Rc1+ 49. Kd2 Rc2+ 50. Ke1 Rc1+ 51. Ke2 Rc2+ 52. Kd3 Rg2 53. Be5 Rg1 54. e4 Bc6 55. Rxb3 Re1 56. Rb4 Ka6 57. Bf4 Rd1+ 58. Ke2 Ra1 59. Be3 Kb7 60. g4 e5 61. g5 Ra8 62. Kf3 Rf8+ 63. Kg4 Bd7+ 64. Kg3 Bc6 65. Rc4 Rf1 66. Bf2 Rd1 67. Rb4 Rd3+ 68. Kg4 Bd7+ 69. Kh5 Rf3 70. Bc5 Be8+ 71. Kh6 Rc3 72. Be7 Re3 73. Bf6 Bc6 74. Bxe5 Bxe4 75. Bc7 Bc2 76. Rf4 Rh3+ 77. Kg7 Rh7+ 78. Kf6 Rh8 79. Rg4 Rf8+ 80. Kg7 Rf1 81. g6 Bb1 82. Rd4 Rg1 83. Rd6 Kc8 84. Rf6 Be4 85. Kf7 Bd5+ 86. Kf8 Kb7 87. g7 Rg2 88. Bf4 Rg4 89. Be3 Rg3 90. Bf2 Rg2 91. Rf5 Bb3 92. Bc5 Rg3 93. Rf4 Bd5 94. Bd4 Bb3 95. Ke7 Rg2 96. Re4 Bd5 97. Rf4 Bb3 98. Kf6 Rg3 99. Re4 Rf3+ 100. Kg5 Kc6 101. Re3 Rxe3 102. Bxe3 Kd7 103. Kf6 Ba2 104. Bf4 Kc6 105. Bc7 Kd7 106. Kg6 Bg8 107. Kh6 Kc8 108. Be5 Kb7 109. Bd4 Kc6 110. Kg6 Kd7 111. Bc3 Kd6 112. Ba5 Kc6 113. Kf6 Kd5 1-0

[Event "Brasov op"]
[Site "Brasov"]
[Date "2024.07.21"]
[Round "9"]
[White "Vavric, Pavel"]
[Black "Chen, Hongsen"]
[Result "1-0"]
[WhiteElo "2312"]
[BlackElo "2092"]
[PlyCount "157"]
[EventDate "2024.07.15"]
[EventType "swiss"]
[EventRounds "9"]
[EventCountry "ROU"]
[SourceTitle "CB30_2024"]
[SourceDate "2024.07.24"]
[SourceVersion "1"]
[SourceVersionDate "2024.07.24"]
[SourceQuality "1"]

1. Nf3 Nf6 2. c4 e6 3. e3 d5 4. d4 c5 5. Nc3 Nc6 6. a3 dxc4 7. Bxc4 cxd4 8. exd4 Be7 9. 0-0 0-0 10. Re1 a6 11. Ba2 b5 12. d5 exd5 13. Nxd5 Nxd5 14. Qxd5 Bb7 15. Qh5 Qd6 16. Bg5 Rad8 17. Rac1 Bxg5 18. Nxg5 Qg6 19. Qxg6 hxg6 20. h4 Rd2 21. Rcd1 Rxd1 22. Rxd1 Ne5 23. Rd4 Ba8 24. Rd6 Bb7 25. Rb6 Bc8 26. Bd5 Nc4 27. Bxc4 bxc4 28. Rc6 f6 29. Ne4 Rd8 30. Rxc4 Rd1+ 31. Kh2 Bf5 32. f3 a5 33. Nc5 Rd2 34. b3 Rd5 35. g4 Bd3 36. Rc3 Bf1 37. Kg1 Bb5 38. Ne4 Bd3 39. Rc8+ Kf7 40. Rc7+ Kg8 41. Nc5 Bb5 42. Kf2 Re5 43. Ne4 Re6 44. Rc8+ Kh7 45. Rc5 Rb6 46. a4 Bd3 47. Nd2 Re6 48. Nc4 Re2+ 49. Kg3 Rc2 50. Rc6 Bxc4 51. Rxc4 Rb2 52. Rc3 g5 53. hxg5 fxg5 54. Rc5 Kg6 55. Rc6+ Kf7 56. Rb6 Rb1 57. Kf2 g6 58. Rb5 Kf6 59. Ke2 Rb2+ 60. Kd1 Rf2 61. Rxa5 Rxf3 62. b4 Rf4 63. b5 Rb4 64. Kc2 Ke7 65. Kc3 Rxg4 66. b6 Kd7 67. Rc5 Rg1 68. Kb4 g4 69. Kb5 g3 70. Rd5+ Kc8 71. Ka6 Ra1 72. b7+ Kc7 73. Rc5+ Kd6 74. b8Q+ Kxc5 75. Qe5+ Kb4 76. Qxa1 g2 77. a5 g5 78. Kb6 g4 79. Qg1 1-0

[Event "Brasov op"]
[Site "Brasov"]
[Date "2024.07.20"]
[Round "8"]
[White "Chen, Hongsen"]
[Black "Hamitevici, Vladimir"]
[Result "0-1"]
[WhiteElo "2092"]
[BlackElo "2442"]
[PlyCount "100"]
[EventDate "2024.07.15"]
[EventType "swiss"]
[EventRounds "9"]
[EventCountry "ROU"]
[SourceTitle "CB30_2024"]
[SourceDate "2024.07.24"]
[SourceVersion "1"]
[SourceVersionDate "2024.07.24"]
[SourceQuality "1"]

1. e4 c5 2. Nf3 d6 3. d4 cxd4 4. Nxd4 Nf6 5. Nc3 a6 6. Be2 e5 7. Nb3 Be7 8. 0-0 0-0 9. Qd3 Nbd7 10. a4 b6 11. Nd5 Nxd5 12. exd5 Bf6 13. Be3 g6 14. Nd2 Nc5 15. Qa3 a5 16. Rfd1 Bg7 17. Bb5 f5 18. f4 exf4 19. Bxf4 g5 20. Be3 f4 21. Bf2 Bf5 22. Rac1 g4 23. Bc6 Ra7 24. b4 axb4 25. Qxb4 Bh6 26. Nf1 Rg7 27. Rd4 Bg6 28. Re1 Bxc2 29. Bb5 Qg5 30. Rd2 Bg6 31. Bd4 Re7 32. Rxe7 Qxe7 33. Re2 Qg5 34. Rf2 Bg7 35. Bxg7 Kxg7 36. Qd4+ Qe5 37. Qxe5+ dxe5 38. Rd2 Be8 39. d6 Bxb5 40. axb5 Kf6 41. Rc2 Rd8 42. Nd2 Rxd6 43. Nc4 Rd1+ 44. Kf2 e4 45. Nxb6 Nd3+ 46. Ke2 Re1+ 47. Kd2 f3 48. gxf3 gxf3 49. Rc8 f2 50. Rf8+ Ke5 0-1

[Event "CHN-ch Gp-B"]
[Site "Liaocheng"]
[Date "2024.04.21"]
[Round "1"]
[White "Fang, Zelong"]
[Black "Chen, Hongsen"]
[Result "0-1"]
[WhiteElo "1642"]
[BlackElo "2171"]
[PlyCount "110"]
[EventDate "2024.04.21"]
[EventType "swiss"]
[EventRounds "11"]
[EventCountry "CHN"]
[SourceTitle "CB18_2024"]
[SourceDate "2024.05.01"]
[SourceVersion "1"]
[SourceVersionDate "2024.05.01"]
[SourceQuality "2"]

1. e4 c6 2. d4 d5 3. e5 Bf5 4. Nf3 e6 5. c3 c5 6. Bd3 Bxd3 7. Qxd3 Nd7 8. 0-0 Ne7 9. Be3 Nc6 10. a3 a5 11. Nbd2 c4 12. Qc2 b5 13. Ne1 f5 14. exf6 Qxf6 15. f4 Bd6 16. Nef3 0-0 17. Rae1 Qf5 18. Qxf5 exf5 19. Ne5 Ndxe5 20. dxe5 Be7 21. Nf3 Kf7 22. Nd4 Nxd4 23. Bxd4 Ke6 24. Rd1 Rab8 25. Ra1 Rb7 26. Rfb1 g5 27. fxg5 Bxg5 28. b4 a4 29. Rf1 Rg7 30. Rf3 h5 31. Raf1 h4 32. h3 Rg6 33. Kh1 Rf7 34. g4 hxg3 35. Rxg3 f4 36. Rg4 f3 37. Rg3 Rf5 38. Rf2 Rh6 39. Rf1 Bd2 40. Kg1 Rf4 41. Rfxf3 Rxf3 42. Rxf3 Bc1 43. Rf8 Bxa3 44. Rb8 Kf5 45. Rxb5 Bb2 46. Rxd5 Rxh3 47. Ra5 a3 48. b5 Bxc3 49. Bxc3 Rxc3 50. b6 Rb3 51. b7 c3 52. Ra8 Rxb7 53. Rxa3 c2 54. Rf3+ Kxe5 55. Rf1 Rb1 0-1

[Event "CHN-chT"]
[Site "Qingdao"]
[Date "2024.04.02"]
[Round "1.3"]
[White "Chen, Hongsen"]
[Black "Yuan, Qijun"]
[Result "1-0"]
[WhiteElo "2171"]
[BlackElo "1587"]
[PlyCount "73"]
[EventDate "2024.04.02"]
[EventType "team-swiss"]
[EventRounds "9"]
[EventCountry "CHN"]
[SourceTitle "CB16_2024"]
[SourceDate "2024.04.17"]
[SourceVersion "1"]
[SourceVersionDate "2024.04.17"]
[SourceQuality "1"]
[WhiteTeam "Jiangsu"]
[BlackTeam "Liaoning"]
[WhiteTeamCountry "CHN"]
[BlackTeamCountry "CHN"]

1. d4 d5 2. c4 dxc4 3. Nf3 a6 4. e3 b5 5. a4 Bb7 6. axb5 axb5 7. Rxa8 Bxa8 8. b3 e6 9. bxc4 Bb4+ 10. Nbd2 Bxd2+ 11. Bxd2 bxc4 12. Ne5 Nf6 13. Bxc4 0-0 14. 0-0 Bd5 15. Qc2 Bxc4 16. Qxc4 Nbd7 17. Nd3 Nb6 18. Qc2 Nfd5 19. Rc1 Qh4 20. f3 Rc8 21. e4 Nf6 22. Qc6 Nfd7 23. Be3 Qd8 24. Qb7 Na8 25. Qc6 h6 26. Nb4 Rb8 27. Qc3 Qf8 28. Na6 Rc8 29. Qc6 Ndb6 30. Rc3 Qd6 31. g3 Qxc6 32. Rxc6 Kf8 33. Bf4 Ke7 34. Bxc7 Kd7 35. Rd6+ Ke7 36. Rxb6 Nxc7 37. Rb7 1-0

[Event "CHN-ch U20"]
[Site "Shanghai"]
[Date "2024.02.20"]
[Round "10"]
[White "Chen, Hongsen"]
[Black "Xin, Juncheng"]
[Result "1/2-1/2"]
[WhiteElo "2269"]
[BlackElo "1952"]
[PlyCount "46"]
[EventDate "2024.02.16"]
[EventType "swiss"]
[EventRounds "11"]
[EventCountry "CHN"]
[SourceTitle "CB09_2024"]
[SourceDate "2024.02.28"]
[SourceVersion "1"]
[SourceVersionDate "2024.02.28"]
[SourceQuality "1"]

1. d4 d5 2. c4 e6 3. Nc3 Nf6 4. cxd5 exd5 5. Bg5 Be7 6. e3 0-0 7. Bd3 Nbd7 8. Qc2 h6 9. Bh4 c5 10. Nge2 a6 11. a4 Re8 12. 0-0 b6 13. Rfd1 c4 14. Bf5 Bb7 15. b3 Nf8 16. bxc4 dxc4 17. Bxf6 Bxf6 18. Rab1 Be7 19. Qb2 b5 20. axb5 axb5 21. Qxb5 Bxg2 22. Kxg2 Ra5 23. Qxc4 Rxf5 1/2-1/2

[Event "CHN-ch U20"]
[Site "Shanghai"]
[Date "2024.02.20"]
[Round "9"]
[White "Sun, Yidi"]
[Black "Chen, Hongsen"]
[Result "1/2-1/2"]
[WhiteElo "2102"]
[BlackElo "2269"]
[PlyCount "45"]
[EventDate "2024.02.16"]
[EventType "swiss"]
[EventRounds "11"]
[EventCountry "CHN"]
[SourceTitle "CB09_2024"]
[SourceDate "2024.02.28"]
[SourceVersion "1"]
[SourceVersionDate "2024.02.28"]
[SourceQuality "1"]

1. e4 e5 2. Nf3 Nc6 3. d4 exd4 4. Nxd4 Nf6 5. Nxc6 bxc6 6. e5 Qe7 7. Qe2 Nd5 8. c4 Nb6 9. Nc3 a5 10. f4 Ba6 11. Qf3 g6 12. c5 Qxc5 13. Be3 Qb4 14. Bxa6 Qxb2 15. 0-0 Qxc3 16. Rac1 Qa3 17. Rxc6 Rxa6 18. Rxc7 Be7 19. Bxb6 Qxf3 20. Rc8+ Bd8 21. Rxd8+ Ke7 22. Rxf3 Rxd8 23. Bxd8+ 1/2-1/2

[Event "Wch U18"]
[Site "Montesilvano"]
[Date "2023.11.24"]
[Round "11"]
[White "Chen, Hongsen"]
[Black "Talibov, Shiroghlan"]
[Result "1-0"]
[WhiteElo "2061"]
[BlackElo "2362"]
[PlyCount "123"]
[EventDate "2023.11.13"]
[EventType "swiss"]
[EventRounds "11"]
[EventCountry "ITA"]
[SourceTitle "CB48_2023"]
[SourceDate "2023.11.29"]
[SourceVersion "1"]
[SourceVersionDate "2023.11.29"]
[SourceQuality "1"]

1. d4 Nf6 2. c4 e6 3. Nf3 d5 4. g3 Be7 5. Bg2 0-0 6. 0-0 dxc4 7. Ne5 Nd5 8. Nxc4 b5 9. Ne5 Bb7 10. Qb3 b4 11. Nc3 c6 12. Na4 Ba6 13. Bf3 Bb5 14. Bd2 Na6 15. Rfc1 Rc8 16. Nd3 Re8 17. a3 bxa3 18. bxa3 Rb8 19. Qc2 Bd6 20. Nab2 Rc8 21. Nc4 Bf8 22. a4 Nb8 23. Na5 Bxd3 24. Qxd3 Nb4 25. Bxb4 Bxb4 26. Nxc6 Nxc6 27. Rxc6 Rxc6 28. Bxc6 Rf8 29. Rc1 g6 30. e4 Qe7 31. d5 exd5 32. Bxd5 Rd8 33. Qd4 Ba5 34. Rc6 Bb6 35. Qc3 Rd6 36. Rc8+ Rd8 37. Rc4 a5 38. Kg2 Rd6 39. h4 h5 40. Rc8+ Rd8 41. Rc4 Rd6 42. Qb2 Rf6 43. Rc8+ Kh7 44. f4 Bd8 45. Rb8 Rd6 46. Qf2 Rd7 47. Ra8 Qf6 48. Qe2 Qd4 49. f5 Kg7 50. fxg6 fxg6 51. Qf3 Qe5 52. Ra6 Qe7 53. Re6 Qb4 54. Rxg6+ Kxg6 55. Qf5+ Kh6 56. Qe6+ Bf6 57. Qxf6+ Kh7 58. Qf5+ Kh8 59. Qxh5+ Kg7 60. Qg5+ Kh7 61. Qg8+ Kh6 62. Qe6+ 1-0

[Event "Tianjin Binhai Cup-A 3rd"]
[Site "Tianjin"]
[Date "2023.08.20"]
[Round "2"]
[White "Wang, Shixu B"]
[Black "Chen, Hongsen"]
[Result "1-0"]
[WhiteElo "2415"]
[BlackElo "1985"]
[PlyCount "139"]
[EventDate "2023.08.20"]
[EventType "swiss"]
[EventRounds "9"]
[EventCountry "CHN"]
[SourceTitle "CBM 215 Extra"]
[Source "ChessBase"]
[SourceDate "2023.09.30"]
[SourceVersion "1"]
[SourceVersionDate "2023.09.30"]
[SourceQuality "1"]

1. d4 d5 2. c4 e6 3. Nc3 Nf6 4. cxd5 exd5 5. Bg5 c6 6. Qc2 Be7 7. e3 0-0 8. Bd3 Nbd7 9. Nge2 h6 10. Bh4 Nh5 11. Bxe7 Qxe7 12. 0-0 Re8 13. Rab1 Nb6 14. b4 a6 15. a4 Nf6 16. a5 Nbd7 17. Na4 Ne4 18. Bxe4 dxe4 19. Rfc1 Qh4 20. Nb6 Nxb6 21. axb6 Bg4 22. Nf4 Rad8 23. h3 Be6 24. Ra1 f5 25. Nxe6 Rxe6 26. Qb3 Qf6 27. Ra5 Qf7 28. Rcc5 g6 29. h4 h5 30. Qc4 Red6 31. Qxf7+ Kxf7 32. Kh2 Kf6 33. Kg3 Re6 34. Kf4 Rd7 35. Ra2 Rg7 36. Re5 Rge7 37. Raa5 Re8 38. Rxe6+ Rxe6 39. Re5 Rd6 40. Re8 Rd5 41. Rb8 Rb5 42. Rxb7 Rxb4 43. Rb8 Rb5 44. b7 Kg7 45. f3 exf3 46. gxf3 a5 47. Ra8 Rxb7 48. Rxa5 Rb6 49. Kg5 Rb3 50. Ra7+ Kf8 51. Kf4 Rd3 52. Rb7 Ra3 53. Rc7 Rc3 54. Ra7 Rd3 55. Rb7 Ra3 56. Rc7 Rc3 57. Rd7 c5 58. d5 c4 59. Rc7 Ke8 60. e4 fxe4 61. fxe4 Kd8 62. d6 Rc1 63. Ke5 c3 64. Ke6 c2 65. e5 g5 66. hxg5 h4 67. Ra7 Kc8 68. d7+ Kb8 69. Ra2 Kc7 70. Ke7 1-0

[Event "CHN-ch U20"]
[Site "Shenzhen"]
[Date "2023.08.01"]
[Round "9"]
[White "Li, Jiahong"]
[Black "Chen, Hongsen"]
[Result "0-1"]
[WhiteElo "1715"]
[BlackElo "1985"]
[PlyCount "40"]
[EventDate "2023.07.28"]
[EventType "swiss"]
[EventRounds "11"]
[EventCountry "CHN"]
[SourceTitle "CBM 215 Extra"]
[Source "ChessBase"]
[SourceDate "2023.09.30"]
[SourceVersion "1"]
[SourceVersionDate "2023.09.30"]
[SourceQuality "1"]

1. Nf3 Nf6 2. g3 d5 3. Bg2 c6 4. 0-0 g6 5. b3 Bg7 6. Bb2 0-0 7. d3 a5 8. c4 a4 9. b4 dxc4 10. dxc4 Qxd1 11. Rxd1 Be6 12. Na3 Na6 13. b5 cxb5 14. cxb5 Nb4 15. Ng5 Bxa2 16. Bc3 Nbd5 17. Bxf6 Bxf6 18. Rxa2 Nc3 19. Ne4 Nxa2 20. Nxf6+ exf6 0-1

[Event "CHN-ch sf"]
[Site "Hefei"]
[Date "2023.04.26"]
[Round "8"]
[White "Cong, Dingzhou"]
[Black "Chen, Hongsen"]
[Result "0-1"]
[WhiteElo "1640"]
[BlackElo "2002"]
[PlyCount "82"]
[EventDate "2023.04.23"]
[EventType "swiss"]
[EventRounds "11"]
[EventCountry "CHN"]
[SourceTitle "CBM 214 Extra"]
[Source "ChessBase"]
[SourceDate "2023.07.31"]
[SourceVersion "1"]
[SourceVersionDate "2023.07.31"]
[SourceQuality "1"]

1. e4 e5 2. Nf3 Nc6 3. Bb5 g6 4. c3 a6 5. Ba4 Bg7 6. d4 exd4 7. cxd4 b5 8. Bc2 Nge7 9. 0-0 0-0 10. Nc3 d6 11. h3 Bb7 12. Be3 Na5 13. Qc1 f5 14. Bh6 b4 15. Bxg7 Kxg7 16. Ne2 Qd7 17. Ng3 fxe4 18. Bxe4 Bxe4 19. Nxe4 Nd5 20. Qg5 Rf5 21. Qg4 Rf7 22. Qg3 Re8 23. Nfd2 Qf5 24. Rae1 Rfe7 25. f3 Nf4 26. Qh4 g5 27. Ng3 Qd5 28. Rxe7+ Rxe7 29. Qg4 Qxd4+ 30. Kh1 Qxd2 31. Nf5+ Kf6 32. Nxe7 Kxe7 33. Qxg5+ Kd7 34. Rg1 b3 35. axb3 Nxb3 36. g3 Nd3 37. Qf5+ Kc6 38. Rg2 Qd1+ 39. Rg1 Nf2+ 40. Kh2 Qe2 41. Rg2 Nd4 0-1

[Event "CHN-ch sf"]
[Site "Hefei"]
[Date "2023.04.25"]
[Round "5"]
[White "Chen, Hongsen"]
[Black "Li, Yucheng Robinson"]
[Result "1-0"]
[WhiteElo "2002"]
[BlackElo "1414"]
[PlyCount "101"]
[EventDate "2023.04.23"]
[EventType "swiss"]
[EventRounds "11"]
[EventCountry "CHN"]
[SourceTitle "CBM 214 Extra"]
[Source "ChessBase"]
[SourceDate "2023.07.31"]
[SourceVersion "1"]
[SourceVersionDate "2023.07.31"]
[SourceQuality "1"]

1. d4 d5 2. c4 e6 3. Nc3 a6 4. e3 Nf6 5. Nf3 Be7 6. b3 0-0 7. Bb2 b6 8. cxd5 exd5 9. Bd3 Bb7 10. 0-0 Nbd7 11. Rc1 Bd6 12. Bf5 Re8 13. Qc2 Qe7 14. Rfd1 Rac8 15. Ne5 Nxe5 16. dxe5 Bxe5 17. Bxc8 Rxc8 18. Qf5 Re8 19. Na4 Bxb2 20. Nxb2 c5 21. Qf4 Qe5 22. Qxe5 Rxe5 23. Nd3 Re8 24. b4 c4 25. Nf4 g6 26. Ne2 b5 27. Nc3 Bc6 28. Rd4 Re6 29. g4 g5 30. h4 h6 31. Kg2 Kg7 32. Kg3 Kf8 33. Re1 Ke7 34. hxg5 hxg5 35. f4 gxf4+ 36. Kxf4 Rd6 37. Rh1 Nd7 38. Rh5 Rf6+ 39. Rf5 Rxf5+ 40. Kxf5 Nb6 41. g5 Bb7 42. Rh4 Bc8+ 43. Ke5 Be6 44. Rh8 Bc8 45. Nxd5+ Nxd5 46. Kxd5 Bb7+ 47. Kd4 Ke6 48. Rb8 Bg2 49. Rb6+ Kf5 50. Rxa6 Kxg5 51. Rb6 1-0